00594cam a2200193 a 450000100100000000500170001000800410002702000150006804000350008304300120011808200160013010000330014624500580017926000290023730000260026649000360029250400340032883000380036200001974220200929170125.0781027s1976 sp b 000 e spa d a8432502901 aDO-SdBNPcDLCdDLCdBNPHUbspa ae-sp--- accccbA465p1 aAltamira, Rafael,d1866-195110aPsicología del pueblo español /cRafael Altamira. aMadrid :bDoncel,c1976. a259, [3] p. ;c18 cm.1 aEl Libro de bolsillo Doncelv94 aBibliografía: p. [223]-259. 3aEl Libro de bolsillo Doncel ;v94